[Event "10th Chennai Open 2018"]
[Site "Chennai IND"]
[Date "2018.01.21"]
[Round "6.8"]
[White "Tran, Tuan Minh"]
[Black "Muthaiah, AL"]
[Result "0-1"]
[WhiteTitle "GM"]
[WhiteElo "2548"]
[BlackElo "2291"]
[WhiteFideId "12401820"]
[BlackFideId "5092442"]
[EventDate "2018.01.18"]

1. d4 Nf6 2. Bg5 e6 3. e4 h6 4. Bxf6 Qxf6 5. Nc3 Bb4 6. Qd2 d6 7. a3 Ba5 8. Nf3
Nc6 9. Bb5 Bd7 10. O-O O-O 11. Rfe1 Rad8 12. Rad1 a6 13. e5 dxe5 14. Bxc6 exd4
15. Ne4 Bxd2 16. Nxf6+ gxf6 17. Rxd2 Bxc6 18. Nxd4 e5 19. Nb3 Rxd2 20. Nxd2 Rd8
21. Nf1 Kf8 22. Ne3 Rd2 23. Rc1 Bd7 24. Kf1 Ke7 25. Ke1 Rd6 26. g4 Be6 27. Ke2
a5 28. b4 axb4 29. axb4 Ra6 30. Kd2 b6 31. Rb1 Ra8 32. Ke2 h5 33. h3 hxg4 34.
hxg4 Rg8 35. Kf3 Rd8 36. Ke2 Ra8 37. Rd1 Ra4 38. Rb1 Kd6 39. Kd3 Kc6 40. c3 Ra2
41. Rf1 Ra8 42. f4 Rg8 43. Ke4 exf4 44. Rxf4 Rg6 45. c4 Kd7 46. Kd4 Ke7 47. Nd5+
Bxd5 48. cxd5 Kd6 49. Ke4 f5+ 50. gxf5 Rh6 51. Rg4 f6 52. Kd4 Rh5 53. Ke4 b5 54.
Rg6 Rh4+ 55. Kd3 Ke5 56. Rg7 Rxb4 57. Rxc7 Rd4+ 58. Ke3 Rxd5 59. Rb7 Kxf5 60.
Rb6 Ke5 61. Rb8 f5 62. Re8+ Kd6 63. Rc8 b4 64. Kf4 Rb5 65. Rd8+ Kc5 66. Kxf5 b3
67. Rd1 b2 0-1

[Event "10th Chennai Open 2018"]
[Site "Chennai IND"]
[Date "2018.01.21"]
[Round "6.9"]
[White "Gajwa, Ankit"]
[Black "Atalik, Suat"]
[Result "0-1"]
[WhiteTitle "FM"]
[BlackTitle "GM"]
[WhiteElo "2284"]
[BlackElo "2538"]
[WhiteFideId "5077834"]
[BlackFideId "14401487"]
[EventDate "2018.01.18"]

1. e4 e5 2. Nf3 Nc6 3. Bb5 a6 4. Ba4 Nf6 5. O-O Be7 6. Re1 b5 7. Bb3 d6 8. c3
O-O 9. h3 Na5 10. Bc2 c5 11. d4 Nd7 12. d5 Nb6 13. Nbd2 Qe8 14. b4 cxb4 15. cxb4
Nac4 16. Nxc4 Nxc4 17. a4 Bd7 18. Bb3 Rc8 19. axb5 Bxb5 20. Nd2 Nb6 21. Nf1 Qd8
22. Ne3 g6 23. Bd2 Bg5 24. Qg4 h5 25. Qf3 Qf6 26. Qxf6 Bxf6 27. Nd1 Nc4 28. Bc1
Bd8 29. Nc3 Bb6 30. Nxb5 axb5 31. Bh6 Rfd8 32. Bg5 f6 33. Bxf6 Rf8 34. Be7 Bxf2+
35. Kh2 Bxe1 36. Bxf8 Bc3 37. Rc1 Nd2 0-1

[Event "10th Chennai Open 2018"]
[Site "Chennai IND"]
[Date "2018.01.21"]
[Round "6.10"]
[White "Pranav, V"]
[Black "Horvath, Adam1"]
[Result "1-0"]
[BlackTitle "GM"]
[WhiteElo "2275"]
[BlackElo "2484"]
[WhiteFideId "25060783"]
[BlackFideId "708003"]
[EventDate "2018.01.18"]

1. e4 c5 2. Nf3 Nc6 3. d3 g6 4. g3 Bg7 5. Bg2 e6 6. O-O Nge7 7. c3 e5 8. Be3 d6
9. d4 exd4 10. cxd4 Bg4 11. d5 Nd4 12. Nbd2 Qd7 13. Bxd4 Bxd4 14. Qb3 Bg7 15.
Nc4 O-O 16. a4 Rae8 17. Nfd2 Bd4 18. Kh1 Be2 19. Rfe1 Bxc4 20. Qxc4 Bxf2 21. Re2
Bd4 22. Nf3 Bg7 23. Rf1 Nc8 24. a5 b5 25. Qc2 Qd8 26. Ref2 h6 27. Ra1 a6 28. Bh3
Re7 29. Raf1 Rfe8 30. Nh4 Na7 31. Qd2 b4 32. e5 Bxe5 33. Qd3 Bg7 34. Nxg6 fxg6
35. Qxg6 Qa8 36. Bf5 Qxd5+ 37. Kg1 Rf7 38. h4 Qd4 39. Be6 Kh8 40. Qxf7 Rf8 41.
Qxa7 Be5 42. Qe7 1-0

[Event "10th Chennai Open 2018"]
[Site "Chennai IND"]
[Date "2018.01.21"]
[Round "6.11"]
[White "Maheswaran, P."]
[Black "Nitin, S."]
[Result "1/2-1/2"]
[WhiteTitle "FM"]
[BlackTitle "IM"]
[WhiteElo "2240"]
[BlackElo "2422"]
[WhiteFideId "5013232"]
[BlackFideId "5018277"]
[EventDate "2018.01.18"]

1. c4 e5 2. Nc3 Nf6 3. g3 d5 4. cxd5 Nxd5 5. Bg2 Nb6 6. Nf3 Nc6 7. d3 Be7 8. O-O
O-O 9. Be3 f5 10. Na4 Bf6 11. Rc1 Kh8 12. Nd2 Nd4 13. Nc5 c6 14. Nf3 Nd5 15. Bd2
b6 16. Na4 Bb7 17. Nc3 c5 18. Nxd4 exd4 19. Nxd5 Bxd5 20. Bxd5 Qxd5 21. b4 cxb4
22. Bxb4 Rfe8 23. a4 Re6 24. Re1 Rae8 25. Bd2 h6 26. Rc7 a6 27. Qc1 Rxe2 28. Rc8
Rxe1+ 29. Bxe1 Qe6 30. Rxe8+ Qxe8 31. Bd2 Kh7 32. Qc4 b5 33. axb5 Qxb5 34. Kf1
Qb7 35. Ke2 Qe7+ 36. Kf1 Qd6 37. h4 Qb6 38. Qd5 Qb5 39. Qc4 Be5 40. Ke2 Qe8 41.
Kf1 Qg6 42. Qd5 Qd6 43. Qf7 Qf6 44. Qd5 Bc7 45. h5 Qe5 46. Qf7 Bd8 47. Qg6+ Kh8
48. Qxa6 Qd5 1/2-1/2

[Event "10th Chennai Open 2018"]
[Site "Chennai IND"]
[Date "2018.01.21"]
[Round "6.12"]
[White "Tiwari, Arjun"]
[Black "Llaneza Vega, Marcos"]
[Result "1/2-1/2"]
[BlackTitle "IM"]
[WhiteElo "2179"]
[BlackElo "2421"]
[WhiteFideId "5011337"]
[BlackFideId "2253585"]
[EventDate "2018.01.18"]

1. e4 c5 2. Nc3 g6 3. f4 Bg7 4. Nf3 Nc6 5. Bb5 Na5 6. Be2 d6 7. O-O Nf6 8. d3
Nc6 9. Qe1 Nd4 10. Bd1 Nd7 11. Kh1 e6 12. Nxd4 cxd4 13. Ne2 O-O 14. f5 Nb6 15.
Qf2 Qf6 16. fxg6 fxg6 17. Qxf6 Rxf6 18. Rxf6 Bxf6 19. b3 e5 20. c3 Bd7 21. cxd4
exd4 22. Bb2 Bb5 23. Bxd4 Bxd4 24. Nxd4 Bxd3 25. Bf3 Re8 26. Kg1 Nd7 27. Rd1
Bxe4 28. Bxe4 Rxe4 29. Nb5 Re2 30. Rxd6 Ne5 1/2-1/2

[Event "10th Chennai Open 2018"]
[Site "Chennai IND"]
[Date "2018.01.21"]
[Round "6.13"]
[White "Barath, Kalyan M"]
[Black "Arjun, Kalyan"]
[Result "1/2-1/2"]
[WhiteElo "2022"]
[BlackElo "2407"]
[WhiteFideId "25016555"]
[BlackFideId "35018701"]
[EventDate "2018.01.18"]

1. Nf3 d5 2. d4 Nf6 3. g3 c6 4. Bg2 Bg4 5. O-O e6 6. b3 Nbd7 7. Bb2 Bd6 8. Nbd2
O-O 9. c4 h6 10. Ne5 Bf5 11. f3 Bh7 12. e4 dxe4 13. Nxd7 Nxd7 14. Nxe4 Be7 15.
Qe2 Re8 16. Rfd1 Nf6 17. Nxf6+ Bxf6 18. f4 Qb6 19. c5 Qa5 20. a3 Rad8 21. b4 Qa4
22. Rd2 Rd7 23. Qc4 Red8 24. Bf3 Qb5 25. Qxb5 cxb5 26. Rad1 a6 27. Kf2 g5 28.
Ke3 Kg7 29. h4 gxh4 30. gxh4 Bf5 31. h5 Kh7 32. Rg1 1/2-1/2

[Event "10th Chennai Open 2018"]
[Site "Chennai IND"]
[Date "2018.01.21"]
[Round "6.15"]
[White "Solodovnichenko, Yuri"]
[Black "Hari, R Chandran"]
[Result "1-0"]
[WhiteTitle "GM"]
[WhiteElo "2571"]
[BlackElo "1795"]
[WhiteFideId "14104369"]
[BlackFideId "46657088"]
[EventDate "2018.01.18"]

1. c4 e6 2. g3 d5 3. Bg2 c6 4. Nf3 Nf6 5. O-O Bd6 6. d3 O-O 7. Nc3 dxc4 8. dxc4
h6 9. Qc2 e5 10. Rd1 Qe7 11. Nh4 Bc7 12. b3 a5 13. Nf5 Bxf5 14. Qxf5 Nbd7 15.
Na4 Rfd8 16. Be3 Nf8 17. Bc5 Qe8 18. Ba3 Ne6 19. e3 Rxd1+ 20. Rxd1 Rd8 21. Qc2
b5 22. Rxd8 Bxd8 23. cxb5 e4 24. Qxc6 Qxc6 25. bxc6 Bc7 26. Nc3 Be5 27. Nxe4
Nxe4 28. Bxe4 Bc7 29. Bd5 g6 30. f4 Kg7 31. Bb2+ Kf8 32. Bxe6 fxe6 33. Be5 Bxe5
34. fxe5 Ke7 35. a3 Kd8 36. b4 axb4 37. axb4 Kc7 38. b5 1-0

[Event "10th Chennai Open 2018"]
[Site "Chennai IND"]
[Date "2018.01.21"]
[Round "6.16"]
[White "Masango, Spencer"]
[Black "Karthikeyan, P."]
[Result "0-1"]
[BlackTitle "IM"]
[WhiteElo "2215"]
[BlackElo "2497"]
[WhiteFideId "14300753"]
[BlackFideId "5018226"]
[EventDate "2018.01.18"]

1. Nf3 Nf6 2. c4 c5 3. Nc3 Nc6 4. g3 d5 5. cxd5 Nxd5 6. Bg2 Nc7 7. O-O e5 8. a3
f6 9. d3 Be7 10. Bd2 Be6 11. Na4 Na6 12. Be3 Qd7 13. Rc1 Nd4 14. Nxd4 cxd4 15.
Bd2 O-O 16. b4 Rac8 17. Nb2 b5 18. Rxc8 Rxc8 19. Qb1 Nc7 20. Rc1 Nd5 21. Rxc8+
Qxc8 22. Bxd5 Bxd5 23. Qc1 Qxc1+ 24. Bxc1 a5 25. Bd2 a4 26. f3 Bb3 27. Kf1 h5
28. Ke1 g5 29. Nd1 g4 30. Nf2 f5 31. Kf1 Kf7 32. fxg4 hxg4 33. h3 gxh3 34. Nxh3
Kg6 35. Nf2 Kh5 36. e4 dxe3 37. Bxe3 Bf6 38. Bc1 Be6 39. Bb2 Kg6 40. Ke2 Kf7 41.
Ke1 Ke7 42. Nd1 Bd7 43. Bc1 Ke6 44. Be3 Be7 45. Nc3 Bd6 46. Ne2 Kd5 47. Nc3+ Kc6
48. Kd2 Be8 49. Ne2 Bh5 50. Nc3 Bf3 51. Nb1 Be7 52. Nc3 Bf6 53. Kc2 Bh5 54. Kd2
Be8 55. Kc2 Kd6 56. Bd2 Ke6 57. Nd1 Bc6 58. Bc3 Bg5 59. Bd2 Bf6 60. Bc3 Bf3 61.
Ne3 Bd8 62. Be1 Bb6 63. Kd2 f4 64. Nc2 Kd5 65. gxf4 exf4 66. Bh4 Ke5 67. Be7 Bg2
68. Bc5 Bxc5 69. bxc5 Kd5 70. d4 Be4 71. Nb4+ Kxd4 72. c6 Kc4 73. c7 Bb7 74. Kc2
f3 75. Nd3 Kd5 76. Kd2 Kd6 77. Kc3 Kxc7 78. Kb4 Kb6 79. Nf2 Bd5 80. Ng4 Bc4 81.
Nf2 Be2 82. Ng4 Bc4 83. Nf2 Kc6 84. Kc3 Kd5 85. Nh3 Ke4 86. Kd2 Kd4 87. Nf2 Be6
88. Nh1 Kc4 89. Kc2 Bf5+ 90. Kb2 Kd3 0-1

[Event "10th Chennai Open 2018"]
[Site "Chennai IND"]
[Date "2018.01.21"]
[Round "6.17"]
[White "Ramnathan, Balasubramaniam"]
[Black "Czebe, Attila"]
[Result "1/2-1/2"]
[WhiteTitle "IM"]
[BlackTitle "GM"]
[WhiteElo "2157"]
[BlackElo "2458"]
[WhiteFideId "5001277"]
[BlackFideId "705268"]
[EventDate "2018.01.18"]

1. Nf3 g6 2. d4 Bg7 3. b3 d6 4. Bb2 e5 5. dxe5 Nc6 6. e3 Bg4 7. Bb5 Ne7 8. Nbd2
O-O 9. h3 Bxf3 10. Nxf3 a6 11. Be2 dxe5 12. Qxd8 Rfxd8 13. Nd2 Nb4 14. Bd1 Rd7
15. a3 Rad8 16. Ne4 Nbc6 17. Be2 b6 18. Bxa6 h6 19. O-O f5 20. Ng3 e4 21. Bxg7
Kxg7 22. Bb5 Rd5 23. Bxc6 Nxc6 24. Rfc1 Kf6 25. Kf1 Ra8 26. Ne2 Rda5 27. a4 Nb4
28. Nd4 c5 29. Ne2 c4 30. Nd4 Rc5 31. Ke2 Rac8 32. bxc4 Rxc4 33. Kd2 Nc6 34.
Nxc6 R8xc6 35. a5 bxa5 36. Rxa5 Rd6+ 37. Ke2 Rdc6 38. Ra2 g5 39. g3 f4 40. gxf4
gxf4 41. exf4 Kf5 42. Ra5+ Kxf4 43. Rh5 Rxc2+ 1/2-1/2

[Event "10th Chennai Open 2018"]
[Site "Chennai IND"]
[Date "2018.01.21"]
[Round "6.18"]
[White "Balasubramaniam, H"]
[Black "Dzhumaev, Marat"]
[Result "0-1"]
[BlackTitle "GM"]
[WhiteElo "2147"]
[BlackElo "2434"]
[WhiteFideId "35053248"]
[BlackFideId "14200236"]
[EventDate "2018.01.18"]

1. e4 e5 2. Nf3 Nc6 3. Bb5 a6 4. Ba4 Nf6 5. Qe2 Be7 6. c3 O-O 7. d3 d6 8. Nbd2
Nd7 9. Bc2 Nb6 10. O-O f5 11. d4 f4 12. Nc4 Nxc4 13. Qxc4+ Kh8 14. Ba4 Bd7 15.
Qd3 Nxd4 16. Nxd4 exd4 17. Qxd4 f3 18. gxf3 Bf6 19. Qd1 b5 20. Bc2 Be5 21. f4
Bxf4 22. Bxf4 Rxf4 23. Kh1 Qh4 24. f3 Raf8 25. Qe1 Qh3 26. Qg3 Rxf3 27. Rxf3
Rxf3 28. Qxh3 Bxh3 29. Kg1 g6 30. Re1 Kg7 31. e5 dxe5 32. Be4 Rf4 33. Bb7 a5 34.
Bc6 Kf6 35. a3 Rc4 36. Bf3 Bf5 37. Be2 Rc5 38. Rd1 b4 39. cxb4 axb4 40. axb4 Rc2
41. Bf1 Rxb2 42. Rc1 Rc2 43. Rxc2 Bxc2 44. Kf2 e4 45. Ke3 Ke5 46. Bc4 g5 47. Bf7
Bd1 48. Ba2 h5 49. Bb1 Bf3 50. Ba2 h4 51. Bc4 g4 52. Bf1 h3 0-1

[Event "10th Chennai Open 2018"]
[Site "Chennai IND"]
[Date "2018.01.21"]
[Round "6.19"]
[White "Raghunandan, Kaumandur Srihari"]
[Black "Divya, Deshmukh"]
[Result "1/2-1/2"]
[WhiteTitle "IM"]
[BlackTitle "WFM"]
[WhiteElo "2402"]
[BlackElo "2118"]
[WhiteFideId "25004964"]
[BlackFideId "35006916"]
[EventDate "2018.01.18"]

1. e4 c5 2. Nf3 e6 3. g3 d5 4. exd5 exd5 5. d4 Bg4 6. Bg2 Nc6 7. O-O Nf6 8. Re1+
Be7 9. dxc5 O-O 10. h3 Bh5 11. g4 Bg6 12. Be3 Ne4 13. Nc3 Nxc3 14. bxc3 Qa5 15.
Qxd5 Qxc3 16. Nd4 Rac8 17. Qb3 Qxb3 18. cxb3 Nxd4 19. Bxd4 Bxc5 20. Bxc5 Rxc5
21. Re7 Rb8 22. Bxb7 Kf8 23. Rae1 f6 24. Bf3 Re8 25. Rxe8+ Bxe8 26. Re6 Ra5 27.
a4 Bf7 28. Re3 Rc5 29. Kg2 a5 30. Rd3 Ke7 31. Be4 h5 32. Kg3 hxg4 33. hxg4 Rc8
34. Bd5 Bg6 35. Re3+ Kd6 36. Bc4 Be8 37. Re6+ Kc5 38. Re7 Kd6 39. Re6+ Kc5 40.
Re7 Kd6 41. Rxg7 Bxa4 42. f3 Be8 43. Ra7 Rc5 44. Ra6+ Bc6 45. Bd3 Ke5 46. f4+
Kd4 47. Bf5 Rc3+ 48. Kh4 Ke3 49. g5 Kxf4 50. gxf6 Bd5 51. Be6 Bxe6 52. Rxe6 Rc1
53. Kh3 Kg5 54. f7 Rf1 55. Re5+ Kg6 56. Rxa5 Kxf7 57. Kg2 Rb1 58. Rb5 Ke6 59.
Kf3 Kd6 60. Ke4 Kc6 61. Rb8 Rd1 62. Ke3 Kc5 63. Ke2 Rd4 64. Ra8 Rb4 65. Ra3 Rb5
66. Kd3 Kb4 67. Ra1 Kxb3 68. Rb1+ Ka4 69. Rxb5 Kxb5 70. Ke4 1/2-1/2

[Event "10th Chennai Open 2018"]
[Site "Chennai IND"]
[Date "2018.01.21"]
[Round "6.20"]
[White "Harshavardhan, G B"]
[Black "Ameir, Moheb"]
[Result "1-0"]
[BlackTitle "IM"]
[WhiteElo "2107"]
[BlackElo "2394"]
[WhiteFideId "25059009"]
[BlackFideId "10600620"]
[EventDate "2018.01.18"]

1. d4 Nf6 2. c4 e6 3. Nf3 b6 4. g3 Bb4+ 5. Bd2 Be7 6. Bg2 Bb7 7. O-O c6 8. Nc3
d5 9. b3 O-O 10. Qc2 Nbd7 11. e4 dxe4 12. Nxe4 c5 13. Nxf6+ Nxf6 14. dxc5 Bxc5
15. Rad1 Qe7 16. Bc3 Ne4 17. Bd4 Rac8 18. Bxc5 Rxc5 19. Qd3 Rc7 20. Ne5 Nc5 21.
Qd6 Bxg2 22. Kxg2 f6 23. Qxe7 Rxe7 24. Nd3 Nb7 25. Nb4 Rc8 26. Rfe1 Kf7 27. Rd2
Nc5 28. Red1 Rec7 29. Nc2 Re7 30. Kf3 Rcc7 31. Na3 a6 32. Rd6 Red7 33. Rxd7+
Rxd7 34. Rxd7+ Nxd7 35. Ke4 Ke7 36. b4 Kd6 37. f4 h5 38. Nc2 g6 39. Ne3 Nb8 40.
Ng2 Nc6 41. a3 a5 42. b5 Ne7 43. Nh4 Kc5 44. Kd3 a4 45. Kc3 e5 46. fxe5 fxe5 47.
Nf3 e4 48. Nd2 Kd6 49. Nxe4+ Ke5 50. Kd3 h4 51. gxh4 Nf5 52. Nc3 Kd6 53. Nxa4
Kc7 54. Nc3 Nxh4 55. Nd5+ Kb7 56. Ne7 Nf3 57. Nxg6 Nxh2 58. Ne5 Nf1 59. a4 Ng3
60. Nf3 Kc7 61. Nd2 Nf5 62. Ke4 Ne7 63. Nb3 Kd6 64. a5 bxa5 65. c5+ Ke6 66. Nxa5
Nd5 67. Kd4 Ne7 68. Kc4 Kd7 69. b6 Nf5 70. Nb3 Ne7 71. Nd4 Kc8 72. c6 Kb8 73.
Kc5 Nc8 74. Nb5 Ne7 75. Nd6 Ka8 76. c7 1-0

[Event "10th Chennai Open 2018"]
[Site "Chennai IND"]
[Date "2018.01.22"]
[Round "7.1"]
[White "Deepan, Chakkravarthy J."]
[Black "Tukhaev, Adam"]
[Result "1/2-1/2"]
[WhiteTitle "GM"]
[BlackTitle "GM"]
[WhiteElo "2475"]
[BlackElo "2570"]
[WhiteFideId "5011132"]
[BlackFideId "14109476"]
[EventDate "2018.01.18"]

1. e4 e5 2. Nf3 Nf6 3. Nxe5 d6 4. Nf3 Nxe4 5. d4 d5 6. Bd3 Nc6 7. O-O Be7 8. c4
Nb4 9. cxd5 Nxd3 10. Qxd3 Qxd5 11. Re1 Bf5 12. Nc3 Nxc3 13. Qxc3 Be6 14. Re5 Qc6
15. d5 Bxd5 16. Nd4 Qxc3 17. bxc3 Be6 18. Nxe6 fxe6 19. Rxe6 O-O-O 20. Bf4 Bf6
21. Be5 Bxe5 22. Rxe5 Rd3 23. Re7 Rhd8 24. h4 R8d7 25. Re8+ Rd8 26. Re7 R8d7 27.
Re8+ Rd8 28. Re7 R8d7 29. Re8+ 1/2-1/2

[Event "10th Chennai Open 2018"]
[Site "Chennai IND"]
[Date "2018.01.22"]
[Round "7.2"]
[White "Rozum, Ivan"]
[Black "Karthik, Venkataraman"]
[Result "1-0"]
[WhiteTitle "GM"]
[BlackTitle "FM"]
[WhiteElo "2595"]
[BlackElo "2476"]
[WhiteFideId "24104272"]
[BlackFideId "25006479"]
[EventDate "2018.01.18"]

1. Nf3 Nf6 2. g3 e6 3. Bg2 d5 4. c4 Be7 5. d4 O-O 6. Nc3 dxc4 7. Ne5 Nc6 8. Bxc6
bxc6 9. Nxc6 Qe8 10. Nxe7+ Qxe7 11. Qa4 e5 12. dxe5 Qxe5 13. Qxc4 Re8 14. f3 Be6
15. Qf4 Qh5 16. g4 Qg6 17. e4 h5 18. h3 Rab8 19. Rh2 hxg4 20. hxg4 Bxg4 21. Be3
Bxf3 22. Qxf3 Nxe4 23. Nxe4 Rxe4 24. Kf1 Rb5 25. Rd1 Re8 26. Qh3 f6 27. Rg2 Qe4
28. Re1 Qc4+ 29. Kg1 Rbe5 30. Rc1 Qf7 31. Bxa7 Re1+ 32. Rxe1 Rxe1+ 33. Kf2 Re5
34. Bd4 Rh5 35. Qb3 Rd5 36. Rh2 Rf5+ 37. Ke2 Qxb3 38. axb3 c5 39. Be3 Rd5 40.
Rh1 1-0

[Event "10th Chennai Open 2018"]
[Site "Chennai IND"]
[Date "2018.01.22"]
[Round "7.3"]
[White "Tiviakov, Sergei"]
[Black "Erigaisi, Arjun"]
[Result "1/2-1/2"]
[WhiteTitle "GM"]
[BlackTitle "FM"]
[WhiteElo "2584"]
[BlackElo "2386"]
[WhiteFideId "1008013"]
[BlackFideId "35009192"]
[EventDate "2018.01.18"]

1. e4 e6 2. d4 d5 3. Nd2 c5 4. exd5 Qxd5 5. dxc5 Bxc5 6. Ngf3 Nf6 7. Bc4 Qc6 8.
Qe2 O-O 9. Nb3 b6 10. Nxc5 Qxc5 11. Be3 Qc7 12. Bd4 Nbd7 13. Ne5 Bb7 14. O-O
Rad8 15. c3 Nc5 16. f3 Bd5 17. Bb5 Bb7 18. b4 Ncd7 19. c4 Nxe5 20. Bxe5 Qe7 21.
a3 Nd7 22. Bg3 Nb8 23. Ba4 Nc6 24. Rfd1 Nd4 25. Qe5 f6 26. Qc7 Ne2+ 27. Kf2 Qxc7
28. Bxc7 Rxd1 29. Bxd1 Nd4 30. c5 bxc5 31. Bd6 Rd8 32. Bxc5 a6 33. a4 e5 34. Rc1
Rc8 35. Rc3 Rd8 36. Rd3 Kf7 37. g4 Ke8 38. Ke3 Ne6 39. Rxd8+ Kxd8 40. Bb6+ Kd7
41. h4 Nf4 42. Kd2 h5 43. Be3 hxg4 44. fxg4 Ne6 45. h5 Bc6 46. Kc3 Kd6 47. Bb6
Bd7 48. Kb3 Bc6 49. Be2 Bd5+ 50. Kc3 Bb7 51. Bc4 Bc8 52. Be3 Nc7 53. Bc5+ Kc6
54. Be2 Ne6 55. Bf3+ Kc7 56. Kc4 Ng5 57. Bd1 Ne4 58. Bf8 Be6+ 59. Kd3 Nf2+ 60.
Kd2 Nxd1 61. Kxd1 Bxg4+ 62. Kd2 Bxh5 1/2-1/2

[Event "10th Chennai Open 2018"]
[Site "Chennai IND"]
[Date "2018.01.22"]
[Round "7.4"]
[White "Atalik, Suat"]
[Black "Pranav, V"]
[Result "1/2-1/2"]
[WhiteTitle "GM"]
[WhiteElo "2538"]
[BlackElo "2275"]
[WhiteFideId "14401487"]
[BlackFideId "25060783"]
[EventDate "2018.01.18"]

1. d4 Nf6 2. c4 e6 3. Nc3 Bb4 4. Qc2 O-O 5. a3 Bxc3+ 6. Qxc3 b6 7. Bg5 Bb7 8. e3
d6 9. f3 Nbd7 10. Nh3 c5 11. dxc5 bxc5 12. Be2 Qb6 13. O-O a5 14. Rad1 d5 15.
Bh4 Ba6 16. Rf2 Rab8 17. cxd5 Nxd5 18. Qc1 c4 19. e4 N5f6 20. Bf1 Rfd8 21. Bg3
Rbc8 22. Rd6 Qa7 23. Kh1 Ne8 24. Rd1 Nc5 25. Rxd8 Rxd8 26. Bxc4 Bxc4 27. Qxc4
Nd3 28. Rf1 Nxb2 29. Qb5 Nd1 30. Ng1 h6 31. h4 Nf6 32. Nh3 a4 33. Nf2 Ne3 34.
Rc1 Qd4 35. Qa5 Rd7 36. Be5 Qd2 37. Qxd2 Rxd2 38. Kg1 Rc2 39. Rxc2 Nxc2 40. Bb2
Nd7 41. Nd1 Nc5 42. Be5 Nb7 43. Nc3 Nxa3 44. Nxa4 Nc4 45. Bc3 f5 46. exf5 exf5
47. Kf2 Nbd6 48. Nc5 Kf7 49. h5 Nb6 50. Nd3 Nd7 51. Ne5+ Nxe5 52. Bxe5 Ne8 53.
Kg3 Nf6 54. Kf4 Ke6 55. Bxf6 Kxf6 56. g4 g5+ 57. hxg6 fxg4 58. Kxg4 Kxg6 59. f4
h5+ 60. Kh4 Kf5 61. Kxh5 Kxf4 1/2-1/2

[Event "10th Chennai Open 2018"]
[Site "Chennai IND"]
[Date "2018.01.22"]
[Round "7.5"]
[White "Sidhant, Mohapatra"]
[Black "Pruijssers, Roeland"]
[Result "1/2-1/2"]
[WhiteTitle "IM"]
[BlackTitle "GM"]
[WhiteElo "2382"]
[BlackElo "2536"]
[WhiteFideId "5028698"]
[BlackFideId "1013068"]
[EventDate "2018.01.18"]

1. e4 e5 2. Nf3 Nc6 3. Bb5 a6 4. Ba4 Nf6 5. d3 d6 6. c3 g6 7. h3 Bg7 8. Be3 O-O
9. Nbd2 b5 10. Bc2 Bb7 11. O-O Re8 12. a4 h6 13. Re1 Qd7 14. Nf1 d5 15. Ng3 Rad8
16. Qc1 Kh7 17. axb5 axb5 18. Bb3 Ra8 19. Rxa8 Bxa8 20. Bc5 Na5 21. Bc2 Nb7 22.
Be3 Nd6 23. Bc5 Qc6 24. Bxd6 Qxd6 25. Bb3 c5 26. exd5 Nxd5 27. Ne4 Qe7 28. c4
Nf4 29. Qe3 f5 30. Nc3 b4 31. Nd5 Nxd5 32. cxd5 Qd6 33. d4 c4 34. Bxc4 e4 35.
Qb3 Rd8 36. Ne5 Bxd5 37. Rd1 f4 1/2-1/2

[Event "10th Chennai Open 2018"]
[Site "Chennai IND"]
[Date "2018.01.22"]
[Round "7.6"]
[White "Muthaiah, AL"]
[Black "Visakh, N R"]
[Result "1/2-1/2"]
[BlackTitle "IM"]
[WhiteElo "2291"]
[BlackElo "2457"]
[WhiteFideId "5092442"]
[BlackFideId "25012223"]
[EventDate "2018.01.18"]

1. c4 e6 2. Nc3 d5 3. d4 Bb4 4. e3 Nf6 5. Nf3 O-O 6. Bd2 c5 7. cxd5 cxd4 8. Nxd4
Nxd5 9. Rc1 Nxc3 10. Bxc3 Bxc3+ 11. Rxc3 e5 12. Nf3 Qxd1+ 13. Kxd1 Bg4 14. Be2
Nc6 15. Nd2 Be6 16. Bc4 Bxc4 17. Nxc4 Rfd8+ 18. Ke2 f5 19. Rd1 Rxd1 20. Kxd1
Rd8+ 21. Ke2 Kf7 22. a3 Ke6 23. b4 Ne7 24. Na5 b6 25. Nb3 Rc8 26. Kd3 Rxc3+ 27.
Kxc3 Nc8 28. Nd2 Nd6 29. a4 Kd5 30. f3 g5 31. g4 e4 32. gxf5 exf3 33. Nxf3 g4
34. Nd2 Ke5 35. e4 h5 36. Kd3 Kf4 37. Ke2 h4 38. b5 Nf7 39. Kf2 Ne5 40. Ke2 Nd7
41. Kf2 Nc5 42. f6 Ne6 43. f7 Nf8 1/2-1/2

[Event "10th Chennai Open 2018"]
[Site "Chennai IND"]
[Date "2018.01.22"]
[Round "7.7"]
[White "Laxman, R.R."]
[Black "Hegde, Ravi Gopal"]
[Result "1-0"]
[WhiteTitle "GM"]
[BlackTitle "IM"]
[WhiteElo "2434"]
[BlackElo "2105"]
[WhiteFideId "5005361"]
[BlackFideId "5000254"]
[EventDate "2018.01.18"]

1. d4 Nf6 2. Nf3 b6 3. Bg5 e6 4. e4 h6 5. Bxf6 Qxf6 6. Nbd2 Bb7 7. c3 Qd8 8. Bd3
d6 9. Qe2 Be7 10. a4 a5 11. O-O O-O 12. Rfe1 Nd7 13. Nc4 Re8 14. Rad1 Bf8 15. e5
Bxf3 16. Qxf3 d5 17. Ne3 c6 18. Qh3 b5 19. axb5 cxb5 20. Ng4 b4 21. cxb4 axb4
22. Re3 Qg5 23. Rg3 Rec8 24. Nxh6+ 1-0

[Event "10th Chennai Open 2018"]
[Site "Chennai IND"]
[Date "2018.01.22"]
[Round "7.8"]
[White "Roy Chowdhury, Saptarshi"]
[Black "Solodovnichenko, Yuri"]
[Result "1/2-1/2"]
[WhiteTitle "GM"]
[BlackTitle "GM"]
[WhiteElo "2318"]
[BlackElo "2571"]
[WhiteFideId "5002974"]
[BlackFideId "14104369"]
[EventDate "2018.01.18"]

1. e4 c5 2. Nf3 d6 3. c3 Nf6 4. d3 b6 5. g3 Bb7 6. Bg2 e5 7. O-O Be7 8. c4 Nc6
9. Nc3 Nd4 10. a3 O-O 11. Rb1 Nxf3+ 12. Bxf3 Ne8 13. Bg2 Nc7 14. f4 exf4 15.
gxf4 f5 16. Nd5 Nxd5 17. exd5 Bf6 18. Be3 Re8 19. Bf2 a5 20. Qd2 a4 21. Rfe1
Rxe1+ 22. Qxe1 Bc8 23. Qd2 Bd7 24. d4 Qc7 25. Bf1 Re8 26. b4 axb3 27. Rxb3 Ra8
28. Qd3 Ra6 29. dxc5 bxc5 30. Qb1 Bc8 31. Qe1 Kf7 32. Kh1 Qa7 33. Qc1 g6 34. Kg2
h5 35. Be2 Qe7 36. Re3 Qb7 37. Qd1 Kg7 38. Qe1 Bd4 39. Rg3 h4 40. Rf3 Qb2 41.
Bxh4 Bd7 42. Bf2 Bf6 43. Bf1 Rxa3 44. Rxa3 Qxa3 45. Qe3 Qb2 46. Qe2 Qb8 47. Qc2
Qb4 48. Qe2 Ba4 49. Qe6 Bc2 50. Qxd6 Be4+ 51. Kg1 Qc3 52. Qxc5 Qf3 53. Bg3 Qd1
54. Qa3 g5 55. fxg5 Bd4+ 56. Bf2 Qd2 57. Qe7+ Kg8 58. Qe8+ Kg7 59. Qe7+ Kg6 60.
Qe6+ Kxg5 61. h4+ Kh5 62. Qf7+ Kh6 63. Qe6+ Kh5 64. Qf7+ Kh6 65. Qe6+ 1/2-1/2